00337nam a2200133Ia 4500008004100000041000800041082001300049100001600062245006600078260001900144300000800163365001600171700001600187230718s9999 xx 000 0 und d aeng a004bKUL aKulkarni V. aTheory Of ComputationbSemester I-T.E. Information Technology c2005bTech Max a320 cRs.b285.00 aKulkarni V.